zpět

Detail výsledku týmu

Infinity c&c bar, Zlín

Datum a čas kvízu

26 Celkem bodů Celkový počet nahraných bodů na tomto kvízu bez doplňovacích otázek.
5. Pořadí na kvízu Konečné umístění týmu na tomto kvízu.

Zaznamenané odpovědi

# Otázka Odpověď Body Výsledky
1. Dne 7. října 1989, tedy ještě... Ferdinand Vaněk 0
2. Americká společnost Johnson &... narostla mu prsa 1
3. Ti z Vás, kdo pravidelně sledu... zavedení lokalizované (české) verze nabídky 1
4. Univerzita Karlova uzavřela pa... Home Credit 1
5. Kvalifikační zápas na fotbalov... na stadion mohly ženy 0
6. Téma o Brazílii zvítězilo ve f... pátou a pátou 0.5
7. Pokud bychom chtěli v říjnu 20... v Curychu 0
8. Věříme, že většina z Vás bude... Paulo Coelho, Jorge Amado 0
9. Typické brazilské jídlo se jme... fazole 0
10. Co se týče slavných osobností,... Adriana Lima 1